000
00327nam a22001457a 4500
008
210429b ||||| |||| 00| 0 eng d
020
_a
9781111527778
041
_a
eng
080
_2
3rd
_a
33
082
_a
33
100
_a
58
101
_a
BIZ
245
_a
BCOM Business Communication
_c
Jack W. Calhoun
942
_2
udc
_c
BK
999
_c
56919
_d
56919